I-DLE Songs Alphabet - Statistics

General Stats
  • This quiz has been taken 16 times
  • The average score is 16 of 22
Answer Stats
Hint Answer % Correct
G Good Thing/Girlfriend/Give Me Your
100%
L LATATA/LION/Lucid/Love Tease/Last Forever/LIAR/Luv u/LOVE/LOST/Last Dance/Light My Fire
100%
M My Bag/Mono/MOON/MAZE/Maybe
100%
T Tomboy/Tall Trees
100%
W Wife/What's in your house?/Where is love/Where Do We Go/WHat's Your Name
100%
H Hwaa/HANN/HEAR ME
93%
N Nxde/Never Stop Me/Neverland/Ninety Nine
93%
O Oh My God
93%
S Super Lady/Senorita/Sclupture
93%
A Allergy/All Night/ALREADY/Abracadabra
87%
K Klaxon
80%
Q Queencard
80%
F Fate/Flip it/For You/Farewell to the World
67%
I I Do/I Want That/i’M THE TREND/If You Want/Invincible
67%
D Doll/DOLLAR/DAHLIA/DUMDi DUMDi/DON'T TEXT ME/Dark
60%
U Uh-Oh/Unstoppable
53%
V VILLAIN DIES/Vision
47%
R Rollie/Revenge/Reset
40%
C Change/Chain
33%
E Eyes Roll/ESCAPE
33%
P Paradise/Put It Straight/Peter Pan/POLAROID
33%
B Bloom/Blow Your Mind
27%
No matching quizzes found
Score Distribution
Percent of People with Each Score
Percentile by Number Answered
Your Score History
You have not taken this quiz